00399nam a2200157Ia 4500003000400000005001700004008004100021050002500062100003200087245005200119260003300171300001600204440000600220521000700226526000800233OSt20140311163110.0140130s9999 xx 000 0 und d aPZ 7b.M26575Er 2000 aMadrigal, Antonio Hernandez aErandi's Braid's /cAntonio Hernandez Madrigal. bScholastic,c1999.aNew York bcol. ill. ; v1 aG3 c500